Nonwoven Geotextile Interlays for Separating Cementitious Pavement Layers: German Practice and US Field Trials (Record no. 604816)

000 -LEADER
fixed length control field 00397nam a2200133Ia 4500
008 - FIXED-LENGTH DATA ELEMENTS--GENERAL INFORMATION
fixed length control field 231017s9999 xx 000 0 und d
082 ## - DEWEY DECIMAL CLASSIFICATION NUMBER
Classification number 625.85
082 ## - DEWEY DECIMAL CLASSIFICATION NUMBER
Author Mark RAS
245 #0 - TITLE STATEMENT
Title Nonwoven Geotextile Interlays for Separating Cementitious Pavement Layers: German Practice and US Field Trials
245 #0 - TITLE STATEMENT
Statement of responsibility, etc. Robert Otto Rasmussen
260 ## - PUBLICATION, DISTRIBUTION, ETC.
Name of publisher, distributor, etc. Robert Otto Rasmussen
300 ## - PHYSICAL DESCRIPTION
Dimensions 30cm
942 ## - ADDED ENTRY ELEMENTS (KOHA)
Koha item type Report
Holdings
Withdrawn status Lost status Damaged status Not for loan Permanent Location Current Location Date acquired Total Checkouts Full call number Barcode Date last seen Price effective from Koha item type
        School of Civil and Environmental Engineering (SCEE) School of Civil and Environmental Engineering (SCEE) 10/17/2023   625.85 RAS NIT-6520 10/17/2023 10/17/2023 Report
© 2023 Central Library, National University of Sciences and Technology. All Rights Reserved.